| Поле | Название | Значение |
| |
Тип записи |
a |
| |
Библиографический уровень |
m |
| 001 |
Контрольный номер |
RU/URAIT/586949 |
| 005 |
Дата корректировки |
20260429163650.0 |
| 008 |
Кодируемые данные |
260429s2026 RU y f j 000 0 rus u |
| 020 |
Индекс ISBN |
__ |
| a |
ISBN |
978-5-534-19726-6 |
| c |
Цена, тираж |
1199.00 |
| 040 |
Источник каталогиз. |
__ |
| a |
Служба первич. каталог. |
ИКО Юрайт |
| c |
Служба, преобразующая запись |
ИКО Юрайт |
| e |
Правила каталог. |
RCR |
| 041 |
Код языка издания |
__ |
| a |
Код языка текста |
rus |
| 044 |
Код страны публикации |
__ |
| a |
Код страны публикации |
RU |
| 080 |
Индекс УДК |
__ |
| a |
Индекс УДК |
543(075.32) |
| 084 |
Индекс другой классификации/Индекс ББК |
__ |
| 2 |
Источник индекса |
rubbk |
| a |
Индекс другой классификации/Индекс ББК |
24я723 |
| 100 |
Автор |
__ |
| a |
Автор |
Литвинова Т. Н. |
| q |
Полное имя |
Литвинова Татьяна Николаевна |
| 245 |
Заглавие |
__ |
| a |
Заглавие |
Медицинская химия: биогенные элементы и комплексные соединения |
| b |
Продолж. заглавия |
учебное пособие для спо |
| c |
Ответственность |
Т. Н. Литвинова, Н. К. Выскубова, Л. В. Ненашева ; под общей редакцией Т. Н. Литвиновой. |
| 250 |
Сведения об издании |
__ |
| a |
Основные сведения об издании |
2-е изд. |
| 256 |
Характеристики компьютерного файла |
__ |
| a |
Характеристики компьютерного файла |
Электрон. дан. |
| 260 |
Выходные данные |
__ |
| a |
Место издания |
Москва |
| b |
Издательство |
Юрайт |
| c |
Дата издания |
2026 |
| 300 |
Физическое описание |
__ |
| a |
Объем |
209 с |
| 440 |
Серия |
__ |
| a |
Серия |
Профессиональное образование |
| 500 |
Примечания |
__ |
| a |
Примечание |
URL: https://urait.ru/bcode/586949 (дата обращения: 29.04.2026). |
| 520 |
Аннотация |
__ |
| a |
Аннотация |
Курс посвящен одному из важнейших разделов курса общей химии «Биогенные элементы» и содержит сведения по химии элементов, их биологической роли, содержанию в организме человека, продуктах питания, образованию комплексных соединений, биологической роли биокомплексов, применению соединений биогенных элементов в медицине. |
| 538 |
Прим. о системных особенностях |
__ |
| a |
Прим. о системных особенностях |
Режим доступа: Электронно-библиотечная система Юрайт, для авториз. пользователей |
| 653 |
Ключевые слова |
__ |
| a |
Ключевые слова |
Химия в отдельных отраслях |
| 653 |
Ключевые слова |
__ |
| a |
Ключевые слова |
Естественные науки |
| 653 |
Ключевые слова |
__ |
| a |
Ключевые слова |
Химия |
| 653 |
Ключевые слова |
__ |
| a |
Ключевые слова |
Общая и неорганическая химия |
| 653 |
Ключевые слова |
__ |
| a |
Ключевые слова |
Основы общей и неорганической химии |
| 653 |
Ключевые слова |
__ |
| a |
Ключевые слова |
Медицинская химия |
| 653 |
Ключевые слова |
__ |
| a |
Ключевые слова |
Основы химии |
| 653 |
Ключевые слова |
__ |
| a |
Ключевые слова |
Химия (основы общей и неорганической, аналитическая) |
| 653 |
Ключевые слова |
__ |
| a |
Ключевые слова |
Основы медицинской химии |
| 653 |
Ключевые слова |
__ |
| a |
Ключевые слова |
Химия: общая и неорганическая |
| 653 |
Ключевые слова |
__ |
| a |
Ключевые слова |
Введение в химию |
| 653 |
Ключевые слова |
__ |
| a |
Ключевые слова |
Введение в общую химию |
| 653 |
Ключевые слова |
__ |
| a |
Ключевые слова |
Фундаментальное естествознание. Химия |
| 653 |
Ключевые слова |
__ |
| a |
Ключевые слова |
Естествознание: Химия |
| 653 |
Ключевые слова |
__ |
| a |
Ключевые слова |
Корректирующий курс по химии |
| 653 |
Ключевые слова |
__ |
| a |
Ключевые слова |
Химия (углубленный уровень) |
| 700 |
Другие авторы |
__ |
| a |
Другие авторы |
Выскубова Н. К. |
| q |
Полное имя |
Выскубова Надежда Константиновна |
| 700 |
Другие авторы |
__ |
| a |
Другие авторы |
Ненашева Л. В. |
| q |
Полное имя |
Ненашева Лариса Владимировна |
| 856 |
Электронный адрес документа |
40 |
| n |
Местонахождение сервера |
Юрайт |
| g |
|
Электронная книга |
| q |
Тип электронного формата |
html |
| h |
Имя пользователя |
ЮРАЙТ |
| v |
Часы доступа к ресурсу |
20271231 |
| 2 |
Способ доступа |
Показать документ |
| x |
Служебное примечание |
https://urait.ru/book/cover/A3C183B9-B637-46EE-A5C0-2F3DFE7037EB |
| u |
URL |
https://urait.ru/bcode/586949 |
| 856 |
Электронный адрес документа |
48 |
| q |
Тип электронного формата |
cover |
| u |
URL |
https://urait.ru/book/cover/A3C183B9-B637-46EE-A5C0-2F3DFE7037EB |
| 911 |
|
__ |
| u |
|
0030=https://urait.ru/bcode/586949 |
| 911 |
|
__ |
| u |
|
073a=9785534197266 |
| u |
|
073d=1199.00 |
| 911 |
|
__ |
| u |
|
106a=s |
| 911 |
|
__ |
| u |
|
900l= |
| 952 |
Тип литературы |
__ |
| i |
Дисциплина |
Химия |
| 952 |
Тип литературы |
__ |
| i |
Дисциплина |
Общая и неорганическая химия |
| 952 |
Тип литературы |
__ |
| i |
Дисциплина |
Основы общей и неорганической химии |
| 952 |
Тип литературы |
__ |
| i |
Дисциплина |
Медицинская химия |
| 952 |
Тип литературы |
__ |
| i |
Дисциплина |
Основы химии |
| 952 |
Тип литературы |
__ |
| i |
Дисциплина |
Химия (основы общей и неорганической, аналитическая) |
| 952 |
Тип литературы |
__ |
| i |
Дисциплина |
Основы медицинской химии |
| 952 |
Тип литературы |
__ |
| i |
Дисциплина |
Химия: общая и неорганическая |
| 952 |
Тип литературы |
__ |
| i |
Дисциплина |
Введение в химию |
| 952 |
Тип литературы |
__ |
| i |
Дисциплина |
Введение в общую химию |
| 952 |
Тип литературы |
__ |
| i |
Дисциплина |
Фундаментальное естествознание. Химия |
| 952 |
Тип литературы |
__ |
| i |
Дисциплина |
Естествознание: Химия |
| 952 |
Тип литературы |
__ |
| i |
Дисциплина |
Корректирующий курс по химии |
| 952 |
Тип литературы |
__ |
| i |
Дисциплина |
Химия (углубленный уровень) |